000 00297nam a2200133Ia 4500
008 240624s9999 xx 000 0 und d
041 _aeng
082 _a657.45 JHA
100 _aJHA ARUNA
245 _aAUDITING
250 _a(3rd Ed. ed.)
260 _c2016
_aNew Delhi
_bTaxmann
365 _cRS
999 _c31417
_d31417